000 nam a22 7a 4500
999 _c24542
_d24542
008 170128b xxu||||| |||| 00| 0 eng d
050 _aQA 9 .A94 2011
100 _aAufmann, Richard.
245 _aFoundations of mathematics II /
_cRichard Aufmann, aavernon Barker and Joanne Lockwood.
250 _a8th ed.
260 _aCengage learning :
_bAustralia,
_c2011.
300 _axxxi, 555p. :
_bill. ;
_c28cm.
500 _aInclude index.
650 _aMathematics.
700 _aBarker, Vernon.
700 _aLockwood, Joanne.
942 _2lcc
_cBOOKS
_hQA 9 .A94 2011